Az alkalmazotti járadékbizotsítás szolgáltatásai az új rendezés után az üzemi szakszervezeti funcionáriusok és gazdasági dolgozók kézikönyve

Bibliographic Details
Main Author: Mařík, Jaromír (Author)
Format: Book
Language:Hungarian
PhysicalDescription:212, [6] s. 8°
Published: Bratislava Práca 1961
Series:Szakszervezeti tagok könyvtára
Subjects:

MARC

LEADER 00000nam a2200000 a 4500
001 vtls008326150
003 SK-MaSNL
005 20260301182951.0
008 230403s1961 xo hun
015 |a SNBA1961/03-00547 
035 |a SK01SNK19610018367 
035 |a urn:nbn:sk:snk-amlpzw 
035 |a urn:nbn:sk:snk-am00c21v 
035 |a C4DA8312-9F4F-4CCA-80D8-6242CDFED0B7 
035 |a SKM000020830 
040 |a SNK  |b slo  |c SNK  |e AACR2 
041 0 |a hun 
044 |a xo  |c SK 
080 |a 331.25:368.431(083)=945.11  |2 1981 
100 1 |a Mařík, Jaromír  |4 aut  |9 308313 
245 1 3 |a Az alkalmazotti járadékbizotsítás szolgáltatásai az új rendezés után  |b az üzemi szakszervezeti funcionáriusok és gazdasági dolgozók kézikönyve  |c feldolgozta Jaromír Mařík 
260 |a Bratislava  |b Práca  |c 1961  |e Nitra  |f Západoslovenské tlačiarne 
300 |a 212, [6] s.  |c 8° 
490 1 |a Szakszervezeti tagok könyvtára  |v 1. köt./61 
500 |a Pozn. Tb. Vec. reg. 
563 |a 3000 výtl. 
650 0 7 |a zabezpečenie sociálne  |x dávky sociálne  |x príručky  |2 SNK  |9 351841 
650 0 7 |a poistenie sociálne  |x dávky dôchodkové  |x príručky  |2 SNK  |9 351842 
655 7 |a príručky  |2 SNKPH  |9 74364 
830 0 |a Szakszervezeti tagok könyvtára  |9 290725 
852 |a Slovenská národná knižnica 
954 |a odborná, vedecká literatúra cudzojazyčná (svetová)  |2 lita 
958 |a OND 
958 |a TL 
958 |a RK 
958 |a HU 
958 |a EUIPO 
999 |c 855384  |d 857314 
952 |a SNK  |b SNK  |y PREZ  |7 0  |p 17A0698172  |o snkSD 19974  |i snkKSP 2236/61  |0 0  |1 0  |4 0  |d 2011-05-28  |f 1  |l 0  |r 2025-12-03 00:00:00  |w 2026-02-24